Hidalgos, amotinados y guerrilleros: pueblo y poderes en la historia de España

Guardat en:
Dades bibliogràfiques
Autor principal: Vilar, Pierre (Autor)
Format: Llibre
Idioma:espanyol
Publicat: Barcelona, España Crítica 1982
Col·lecció:Serie General. Temas Hispánicos, 94
Matèries:
Etiquetes: Afegir etiqueta
Sense etiquetes, Sigues el primer a etiquetar aquest registre!

MARC

LEADER 00000nam a2200000 a 4500
001 UCO1333
003 CL-VaPUC
005 20220903073949.0
008 000512e19820000SP |||||||||||||||||spa|d
999 |c 287961  |d 287959 
040 |c Pontificia Universidad Católica de Valparaíso 
082 0 4 |a 946 VIL 1982  |2 21 
100 0 |a Vilar, Pierre  |e author  |9 443354 
245 1 0 |a Hidalgos, amotinados y guerrilleros:  |b  pueblo y poderes en la historia de España 
260 |a Barcelona, España  |b Crítica  |c 1982 
300 |a 314 páginas 
490 0 |a Serie General. Temas Hispánicos,  |v  94 
583 |a last modification  |c 20000512 00:00:00  |k Rodrigo Vera 
650 0 |a Historia de España  |9 315435 
650 0 |a Independencia   |z ESPAÑA  |9 344246 
942 |c BK  |2 ddc 
945 |d 20000512 00:00:00  |a rherrera 
952 |0 0  |1 0  |2 ddc  |4 0  |6 946_000000000000000_VIL_1982  |7 0  |8 A  |9 335075  |a BIBHIS  |b BIBHIS  |d 2019-11-20  |i 1280651  |o 946 VIL 1982  |p 1280651  |r 2025-01-20  |t 1  |w 2019-11-20  |y BK  |k HIS 
952 |0 0  |1 0  |2 ddc  |4 0  |6 946_000000000000000_VIL_1982  |7 0  |8 A  |9 335076  |a BIBHIS  |b BIBHIS  |d 2019-11-20  |i 128066K  |o 946 VIL 1982  |p 128066K  |r 2025-01-20  |t 2  |w 2019-11-20  |y BK  |k HIS